Statistics for Five Biggest Cities by Repeated Letter A-Z

Click here to take the quiz!

General Stats

  • This quiz has been taken 123 times
  • The average score is 34 of 73

Answer Stats

Letter(s) Country % Correct
N1, O4London
90%
E1, L1, S1Los Angeles
88%
O1Tokyo
87%
I2Beijing
86%
O3Moscow
86%
A4, O2Sao Paulo
83%
A1, H1Shanghai
81%
A2Jakarta
79%
E3, I4, O5, R1Rio de Janeiro
79%
G1, U1Guangzhou
77%
M1Mumbai
77%
E2, S2Buenos Aires
73%
C1, I1Mexico City
72%
N2Johannesburg
72%
K1Bangkok
72%
D4Madrid
71%
K2Kolkata
70%
A3Manila
70%
Y2Sydney
67%
M2Miami
67%
L4Dallas
67%
C4, S4San Francisco
66%
S3Kinshasa
65%
T1Toronto
64%
N4Chennai
64%
G3Hong Kong
59%
C2Chicago
59%
E4, R2, T4Saint Petersburg
59%
B1Addis Ababa
59%
Y1New York City
59%
C3, H2, N5Ho Chi Minh City
58%
A5Dhaka
57%
L2, U3Kuala Lumpur
55%
D3Baghdad
53%
H4, L3, P1Philadelphia
53%
W1Warsaw
52%
U2Bengaluru
45%
V1Vancouver
44%
T2Atlanta
44%
D2Ahmedabad
42%
Z2Brazzaville
41%
Y1Pyongyang
41%
I3, N3Tianjin
40%
D1Hyderabad
40%
I5Taipei
40%
S5Dar es Salaam
37%
F1, R5Frankfurt
36%
M3Amman
36%
C5Accra
35%
G2Chongqing
31%
P4Phnom Penh
30%
T3Detroit
27%
U5Urumqi
26%
G4, T5Chittagong
26%
H3Hangzhou
24%
B2Brisbane
24%
E5Belo Horizonte
24%
L5Medellin
23%
H5, Z1Zhengzhou
22%
P3Sapporo
21%
V2Tel-Aviv
20%
R3Monterrey
19%
M4Birmingham
17%
P2Port-au-Prince
16%
D5Dusseldorf
14%
M5Dammam
13%
R4Porto-Alegre
12%
U4Fuzhou
12%
K3Fukuoka
8%
B3Lubumbashi
6%
X1Xinxiang
6%
G5Guiyang
5%
K4Kitakyushu
3%

Score Distribution

Percentile by Number Answered

Percent of People with Each Score

Your Score History

You have not taken this quiz